000 00704nam a2200253Ia 4500
003 OSt
005 20221006150907.0
006 a|||||r|||| 00| 0
007 ta
008 221006b |||||||| |||| 00| 0 jpn d
020 _cY1200
024 _a20,139
037 _bGift, Japan Foundation
_cTextual
040 _aEASL
_cEASL
_bjpn
041 _2jpn
_ajpn
082 _aWk42,N7, L4
100 _aMAINICHI SHINBUN SHA Ed.
_9657915
245 0 _aSaishin jiji yogo jiten
260 _aTokyo
_bMainichi Shinbun Sha
_c1974
300 _a699p.
_ccm.
650 _aJL
942 _hWk42,N7, L4
_cTEXL
_2CC
999 _c1088225
_d1088225